Prácticas agronómicas para el sudoeste bonaerense : un enfoque para la disminución de la unidad económica agraria /

"Está destinado al público en general, aunque especialmente a productores agropecuarios, estudiantes, técnicos y aquel emprendedor interesado en actualizar las prácticas culturales del medio rural; especialmente a los vinculados al sector agroalimentario regional, entendiendo que desde las inst...

Descripción completa

Guardado en:
Autores Principales: Menghini, Mariano. (Compilador), Piñeiro, Verónica. (Compilador)
Formato: Libro
Idioma:Spanish
Publicado: Bahía Blanca : EdiUNS, 2024.
Edición:1a. ed.
Series:Investigación académica. Cs. Agrarias, de ingeniería y de materiales
Materias:
Etiquetas: Agregar Etiqueta
Sin Etiquetas, Sea el primero en etiquetar este registro!
LEADER 02933nam a2200289 a 4500
001 EUN.eunm009538
008 250716s2024####ag#ab##g######001#0#spa#d
005 20250716094916.0
245 0 0 |a Prácticas agronómicas para el sudoeste bonaerense :  |b un enfoque para la disminución de la unidad económica agraria /  |c Mariano Menghini, Verónica Piñeiro (compiladores). 
250 |a 1a. ed. 
260 |a Bahía Blanca :  |b EdiUNS,  |c 2024. 
300 |a 96 p. :  |b il., mapas ;  |c 30 cm. 
490 0 |a Investigación académica. Cs. Agrarias, de ingeniería y de materiales 
500 |a "Universidad Nacional del Sur, Departamento de Agronomía". 
520 2 |a "Está destinado al público en general, aunque especialmente a productores agropecuarios, estudiantes, técnicos y aquel emprendedor interesado en actualizar las prácticas culturales del medio rural; especialmente a los vinculados al sector agroalimentario regional, entendiendo que desde las instituciones académicas públicas debemos favorecer la agricultura familiar como pilar del desarrollo sostenible e inclusivo del país."--Contratapa 
504 |a Incluye referencias bibliográficas al final de cada capítulo y notas a pie de página. 
505 0 |a Introducción y objetivos / Mariano Menghini y Verónica Piñeiro -- Cap. I. Cálculo de la Unidad Económica Agraria en el partido de Bahía Blanca / María Cecilia Saldungaray, Andrea Lauric, Gerónimo De Leo, Vivian Conti y Carlos Torres Carbonell -- Cap. II. El componente leñoso en los pastizales naturales del sudoeste bonaerense: ¿aliado o enemigo? / Yanina Alejandra Torres y Mariela Lis Ambrosino -- Cap. III. Quemas controladas como herramienta de manejo para la recuperación de pastizales naturales / Leticia Ithurrart, Francisco Blázquez -- Cap. IV. Experiencia de incorporación de una gramínea megatérmica en un establecimiento ganadero del sudoeste bonaerense / Lorena Vanesa Armando, Carlos Torres Carbonell, María Andrea Tomás, Alicia Delia Carrera -- Cap. V. Recuperación de pasturas degradadas / Mariano Menghini -- Cap. VI. Diagnóstico de la fertilidad nitrogenada y fosfórica en suelos del sudoeste bonaerense / Juan Manuel Martínez, Liliana Suñer -- Cap. VII. Pastoreo de arvenses en el Sudoeste Bonaerense / María de las Mercedes Longás -- Cap. VIII. Conservar el suelo vivo con cultivos de cobertura para estimular la producción agrícola / María Estefanía Morales, María Bonita Villamil, María Celina Zabaloy -- Epílogo y conclusiones generales. 
020 |a 9789876553704 
700 1 |a Menghini, Mariano.  |4 com  |4 aut 
700 1 |a Piñeiro, Verónica.  |4 aut  |4 com 
082 0 4 |a 630.9821  |2 21 
650 7 |a Agronomía.  |2 unbist 
650 7 |a Productividad agrícola.  |2 unbist 
650 7 |a Tierra de pastos.  |2 agrovoc 
651 4 |a Sudoeste bonaerense 
651 4 |a Bahía Blanca [Buenos Aires (Provincia)] 
859 |a AR-BaUNS  |b BIB. CENTRAL - Sector A  |h 630.9821  |i P881  |p 129018/025